000
00362nam a2200169Ia 4500
100
_a
Gorty Lakshmi V.R
650
_a
Engineering Mathematics
490
_v
1
942
_c
BK
366
_f
20
245
_a
Advanced Engineering Mathematics
260
_b
Ane Books India
_c
2009
082
_a
519.2
_b
GOR
300
_a
170
546
_a
ENGLISH
999
_c
34465
_d
34465